[Event "IECG TE.2001.P.00805 email"]
[Site "IECG email"]
[Date "2001.10.05"]
[Round "?"]
[White "Eremin, Nikolay Ivanovich"]
[Black "Algaba, Fernando"]
[Result "1-0"]
[WhiteElo "2000"]
[BlackElo "981"]
[PlyCount "42"]
[EventDate "2001.10.05"]
[EventType "tourn (corr)"]
[EventRounds "8"]
[SourceTitle "Corr 2008"]
[Source "ChessBase"]
[SourceDate "2008.06.24"]
[SourceVersion "1"]
[SourceVersionDate "2008.06.24"]
[SourceQuality "1"]

1. e4 d6 2. d4 Nf6 3. Nc3 g6 4. Nf3 Bg7 5. Be3 0-0 6. Qd2 c6 7. Bd3 b5 8. Bh6 Bg4 9. Bxg7 Kxg7 10. Ng5 h6 11. h3 Bc8 12. Nf3 a5 13. e5 dxe5 14. dxe5 Nd5 15. a4 Nxc3 16. Qxc3 b4 17. Qc5 Qc7 18. Qe3 f5 19. exf6+ Rxf6 20. 0-0 Bf5 21. Bxf5 Rxf5 1-0

[Event "IECG CP.2001.P.00039"]
[Site "IECG email"]
[Date "2001.10.01"]
[Round "?"]
[White "Algaba, Fernando"]
[Black "Escobar, Telmo Carlos"]
[Result "0-1"]
[WhiteElo "800"]
[BlackElo "2221"]
[PlyCount "26"]
[EventDate "2001.10.01"]
[EventType "tourn (corr)"]
[EventRounds "6"]
[SourceTitle "Corr 2008"]
[Source "ChessBase"]
[SourceDate "2008.06.24"]
[SourceVersion "1"]
[SourceVersionDate "2008.06.24"]
[SourceQuality "1"]

1. e4 c5 2. Nf3 d6 3. d4 cxd4 4. Nxd4 Nf6 5. Nc3 g6 6. Be3 Bg7 7. f3 0-0 8. Qd2 Nc6 9. Bc4 Bd7 10. 0-0-0 Rc8 11. Bb3 Ne5 12. h4 h5 13. Bg5 Rc5 0-1

[Event "IECG CP.2000.P.00110"]
[Site "IECG email"]
[Date "2000.10.01"]
[Round "?"]
[White "Algaba, Fernando"]
[Black "Wood, Brian B"]
[Result "1-0"]
[WhiteElo "800"]
[BlackElo "805"]
[PlyCount "59"]
[EventDate "2000.10.01"]
[EventType "tourn (corr)"]
[EventRounds "6"]
[EventCountry "ARG"]
[SourceTitle "Corr 2008"]
[Source "ChessBase"]
[SourceDate "2008.06.24"]
[SourceVersion "1"]
[SourceVersionDate "2008.06.24"]
[SourceQuality "1"]

1. e4 c5 2. Nf3 d6 3. d4 cxd4 4. Nxd4 Nf6 5. Nc3 a6 6. Bg5 e6 7. f4 Be7 8. Qf3 Qb6 9. 0-0-0 h6 10. Bh4 0-0 11. e5 dxe5 12. fxe5 Nbd7 13. exf6 Bxf6 14. Bf2 Bg5+ 15. Kb1 Rd8 16. h4 Ne5 17. Qe4 Bf6 18. Bd3 Nxd3 19. Rxd3 e5 20. Nd5 Rxd5 21. Qxd5 exd4 22. Bxd4 Bxd4 23. Qxd4 Qxd4 24. Rxd4 Be6 25. Rhd1 b5 26. Rd8+ Rxd8 27. Rxd8+ Kh7 28. Kc1 g5 29. h5 Kg7 30. Ra8 1-0